01065 a2200181 45000010006000000050017000060080041000230030015000640400040000790800032001192450041001512640033001923000019002255050589002440410008008331000019008417000023008604736120260407155741.0260407a1986 arg spa dAR-UNSa-BCEJYS aAR-UNSa-BCEJYSbspacAR-UNSa-BCEJYS a94:33xHistoria económica10aDe versalles a wall street 1919-1929 1aBarcelona :bCríticac1986 a417 p.c20 cm. a1. Introducción - 2. Las secuelas de la guerra - 3. Años de caos 1919-1921: Hambre y socorro; boom y depresión - 4. Deudas y reparción de guerra - 5. Reconstrucción y recuperación 1921-1925 - 6. La restauración de la estabilidad monetaria - 7. ¿Cúal fue el fallo del nuevo patrón oro? - 8. El boom de los últimos años veinte - 9. Los problemas de los productores básicos - 10. Naciones deudoras y concesión de préstamos internacionales - 11. Hacia la depresión: Explicaciones del punto de inflexión de 1929 - 12. Tendencias de la economía mundial -  aspa1 aBeltran, Jordi1 aAldcroft, Derek H.